Catálogo

Biomimetic restorative dentistry / (Registro nro. 31529)

Detalles MARC
000 -LEADER
fixed length control field 01374cam a2200337 i 4500
001 - CONTROL NUMBER
control field 31529
003 - CONTROL NUMBER IDENTIFIER
control field Mx-PuUPA
005 - DATE AND TIME OF LATEST TRANSACTION
control field 20260430123532.0
008 - FIXED-LENGTH DATA ELEMENTS--GENERAL INFORMATION
fixed length control field 140415s2022 iluao fr 000 0 eng d
020 ## - INTERNATIONAL STANDARD BOOK NUMBER
International Standard Book Number 9780867155723
Qualifying information set
-- empastado
040 ## - CATALOGING SOURCE
Transcribing agency Mx-PuUPA
Original cataloging agency Mx-PuUPA
Language of cataloging spa
Modifying agency Mx-PuUPA
Description conventions rda
041 0# - LANGUAGE CODE
Language code of text/sound track or separate title eng
100 1# - MAIN ENTRY--PERSONAL NAME
Personal name Magne, Pascal,
Relator term autor
245 10 - TITLE STATEMENT
Title Biomimetic restorative dentistry /
Statement of responsibility, etc. Pascal Magne, Urs Belser
250 ## - EDITION STATEMENT
Edition statement Second edition
264 #1 - PRODUCTION, PUBLICATION, DISTRIBUTION, MANUFACTURE, AND COPYRIGHT NOTICE
Place of production, publication, distribution, manufacture Batavia, IL :
Name of producer, publisher, distributor, manufacturer Quintessence Publishing,
Date of production, publication, distribution, manufacture, or copyright notice ©2022
300 ## - PHYSICAL DESCRIPTION
Extent 2 volúmenes (paginación varía) :
Other physical details ilustraciones, fotografías (en color) ;
Dimensions 29 cm
336 ## - CONTENT TYPE
Fuente rdacontent
Content type term texto
Content type code txt
336 ## - CONTENT TYPE
Fuente rdacontent
Content type term imagen fija
Content type code sti
337 ## - MEDIA TYPE
Source rdamedia
Media type term sin medio
Media type code n
338 ## - CARRIER TYPE
Source rdacarrier
Carrier type term volumen
Carrier type code nc
650 #7 - SUBJECT ADDED ENTRY--TOPICAL TERM
Source of heading or term armarc
Topical term or geographic name entry element Adhesión dental
General subdivision Métodos
650 #7 - SUBJECT ADDED ENTRY--TOPICAL TERM
Source of heading or term armarc
Topical term or geographic name entry element Restauración dental
General subdivision Métodos
650 #7 - SUBJECT ADDED ENTRY--TOPICAL TERM
Source of heading or term armarc
Topical term or geographic name entry element Estética dental
700 1# - ADDED ENTRY--PERSONAL NAME
Personal name Belser, Urs,
Relator term autor
942 ## - ADDED ENTRY ELEMENTS (KOHA)
Source of classification or shelving scheme Dewey Decimal Classification
Koha item type Libro
Classification part 617.695
Item part M88
Existencias
Withdrawn status Lost status Source of classification or shelving scheme Damaged status Not for loan Collection code Home library Current library Shelving location Date acquired Source of acquisition Cost, normal purchase price Serial Enumeration / chronology Total Checkouts Full call number Barcode Date last seen Cost, replacement price Price effective from Koha item type
    Dewey Decimal Classification     General Biblioteca Karol Wojtyla Biblioteca Karol Wojtyla Sala general 27/04/2026 11 4102.42 v.2   617.695 M88 2022 106557 08/05/2026 4102.42 27/04/2026 Reserva permanente
    Dewey Decimal Classification     General Biblioteca Karol Wojtyla Biblioteca Karol Wojtyla Sala general 27/04/2026 11 4102.42 v.1   617.695 M88 2022 106556 08/05/2026 4102.42 27/04/2026 Reserva permanente